000 00819nam a22002175i 4500
001 162561
003 ES-MaACL
005 20230906212544.0
008 041119m18621867fr |||| | fre d
040 _aCAM
_bspa
_cCAM
100 1 _aPrévost-Paradol, Lucien Anatole.
_993822
245 1 0 _aQuelques pages d'histoire contemporaine
_b: lettres politiques /
_cpar Prévost-Paradol.
260 _aParis :
_bMichel Lèvy Frères, libraires éditeurs,
_c1866 (
_fImp. Simon Raçon et Comp.)
300 _a4 v. ;
_c18 cm.
490 1 _aBibliothèque contemporaine
596 _aEn la cub. consta el imp.: Imprimerie L. Toinon et C.
597 _aTroisième série (XIX, 385 p.)
830 0 _aBibliothèque contemporaine
_9181673
852 _aES-MaACL
_jD-3515
_z-- Rúst.
_q-- Sólo T. III
999 _c162561
_d162561